[Event "IECG QF.2005.0.00069 email"]
[Site "IECG email"]
[Date "2005.08.26"]
[Round "?"]
[White "Venturas, Bob"]
[Black "Zili, Yi"]
[Result "0-1"]
[WhiteElo "772"]
[BlackElo "1089"]
[PlyCount "34"]
[EventDate "2005.08.26"]
[EventType "tourn (corr)"]
[EventRounds "6"]
[SourceTitle "Corr 2008"]
[Source "ChessBase"]
[SourceDate "2008.06.24"]
[SourceVersion "1"]
[SourceVersionDate "2008.06.24"]
[SourceQuality "1"]

1. e4 e5 2. Nf3 Nc6 3. Nc3 Nf6 4. Bc4 Bc5 5. d3 d6 6. h3 a6 7. Bg5 h6 8. Bxf6 Qxf6 9. a3 Ne7 10. Ne2 Ng6 11. c3 Nh4 12. Ng3 Nxg2+ 13. Kd2 Nf4 14. Qe1 Nxh3 15. Nf5 Bxf5 16. exf5 Qxf5 17. Qd1 Nxf2 0-1

[Event "IECG QF.2005.0.00069 email"]
[Site "IECG email"]
[Date "2005.08.26"]
[Round "?"]
[White "Zili, Yi"]
[Black "Rosenkoetter, David"]
[Result "1-0"]
[WhiteElo "1089"]
[BlackElo "1000"]
[PlyCount "67"]
[EventDate "2005.08.26"]
[EventType "tourn (corr)"]
[EventRounds "6"]
[SourceTitle "Corr 2008"]
[Source "ChessBase"]
[SourceDate "2008.06.24"]
[SourceVersion "1"]
[SourceVersionDate "2008.06.24"]
[SourceQuality "1"]

1. e4 Nf6 2. e5 Nd5 3. d4 d6 4. c4 Nb6 5. f4 dxe5 6. fxe5 Bf5 7. Nc3 e6 8. Nf3 Nc6 9. Be3 Nb4 10. Rc1 c5 11. a3 cxd4 12. Nxd4 Nc6 13. Nxc6 Qxd1+ 14. Rxd1 bxc6 15. Be2 Nd7 16. Bf4 Bc5 17. Bf3 Rc8 18. Ne4 Bxe4 19. Bxe4 f6 20. exf6 Nxf6 21. Bf3 0-0 22. Bd6 Bxd6 23. Rxd6 c5 24. Rxe6 Rfe8 25. Rxe8+ Rxe8+ 26. Kd2 Ne4+ 27. Kc2 a5 28. Re1 Nf6 29. Rxe8+ Nxe8 30. Kb3 Nd6 31. Bd5+ Kf8 32. Ka4 Ke7 33. Kxa5 Kd7 34. Kb6 1-0

[Event "IECG QN.2004.0.00340"]
[Site "IECG email"]
[Date "2004.09.22"]
[Round "?"]
[White "Sontag, Manuel"]
[Black "Zili, Yi"]
[Result "0-1"]
[WhiteElo "536"]
[BlackElo "800"]
[PlyCount "42"]
[EventDate "2004.09.22"]
[EventType "tourn (corr)"]
[EventRounds "6"]
[SourceTitle "Corr 2008"]
[Source "ChessBase"]
[SourceDate "2008.06.24"]
[SourceVersion "1"]
[SourceVersionDate "2008.06.24"]
[SourceQuality "1"]

1. e4 e6 2. d4 d5 3. Nc3 Bb4 4. Bd2 dxe4 5. Nce2 Bxd2+ 6. Qxd2 Nf6 7. Nf4 0-0 8. Bc4 b6 9. Ngh3 Nd5 10. 0-0 Bb7 11. Rae1 Nxf4 12. Nxf4 Nd7 13. a4 Nf6 14. b4 Qd7 15. Bb5 c6 16. Be2 e5 17. Nh5 exd4 18. Nxf6+ gxf6 19. Qh6 Qf5 20. a5 Qg6 21. Qf4 c5 0-1

[Event "IECG QN.2004.0.00340"]
[Site "IECG email"]
[Date "2004.09.22"]
[Round "?"]
[White "Zili, Yi"]
[Black "Ornek, Ozer"]
[Result "1/2-1/2"]
[WhiteElo "800"]
[BlackElo "800"]
[PlyCount "73"]
[EventDate "2004.09.22"]
[EventType "tourn (corr)"]
[EventRounds "6"]
[SourceTitle "Corr 2008"]
[Source "ChessBase"]
[SourceDate "2008.06.24"]
[SourceVersion "1"]
[SourceVersionDate "2008.06.24"]
[SourceQuality "1"]

1. e4 c5 2. Nf3 d6 3. d4 cxd4 4. Nxd4 Nf6 5. Nc3 a6 6. Bc4 b5 7. Bb3 e6 8. f4 Bb7 9. f5 e5 10. Nde2 Nbd7 11. Ng3 h5 12. h4 Be7 13. Bg5 Rc8 14. Qe2 b4 15. Nd5 Nxd5 16. Bxd5 Bxd5 17. Bxe7 Kxe7 18. exd5 Qa5 19. 0-0 Qxd5 20. Rad1 Qc4 21. Qd2 Rc6 22. f6+ Nxf6 23. Nf5+ Kf8 24. Nxd6 Qc5+ 25. Kh1 Kg8 26. Rxf6 gxf6 27. Nxf7 Kxf7 28. Qd7+ Kg6 29. Rd3 f5 30. Rg3+ Kf6 31. Qg7+ Ke6 32. Qxh8 Qxc2 33. Qxh5 Qc1+ 34. Kh2 Qf4 35. Kh3 Qf1 36. Kh2 Qf4 37. Kh3 1/2-1/2

[Event "IECG QN.2004.0.00339"]
[Site "IECG email"]
[Date "2004.09.17"]
[Round "?"]
[White "Weber, Kurt Maxwell"]
[Black "Zili, Yi"]
[Result "0-1"]
[WhiteElo "800"]
[BlackElo "800"]
[PlyCount "32"]
[EventDate "2004.09.17"]
[EventType "tourn (corr)"]
[EventRounds "6"]
[SourceTitle "Corr 2008"]
[Source "ChessBase"]
[SourceDate "2008.06.24"]
[SourceVersion "1"]
[SourceVersionDate "2008.06.24"]
[SourceQuality "1"]

1. e4 e6 2. d3 d5 3. Be3 b6 4. Qg4 Nf6 5. Qh4 dxe4 6. Nc3 Be7 7. 0-0-0 0-0 8. dxe4 Nbd7 9. Na4 Bb7 10. Bb5 c6 11. e5 Nd5 12. Qd4 cxb5 13. Nc3 b4 14. Na4 Qc7 15. Rd3 Rac8 16. b3 Qxc2# 0-1

[Event "IECG QN.2004.0.00339"]
[Site "IECG email"]
[Date "2004.09.17"]
[Round "?"]
[White "Zili, Yi"]
[Black "Weber, Kurt Maxwell"]
[Result "1-0"]
[WhiteElo "800"]
[BlackElo "800"]
[PlyCount "59"]
[EventDate "2004.09.17"]
[EventType "tourn (corr)"]
[EventRounds "6"]
[SourceTitle "Corr 2008"]
[Source "ChessBase"]
[SourceDate "2008.06.24"]
[SourceVersion "1"]
[SourceVersionDate "2008.06.24"]
[SourceQuality "1"]

1. e4 g6 2. d4 c6 3. f4 e6 4. Nf3 Bd6 5. c4 Bb4+ 6. Nc3 Qa5 7. Bd2 Nf6 8. a3 Bd6 9. Nb5 Qb6 10. Nxd6+ Kd8 11. Bc3 Ne8 12. Nxf7+ Ke7 13. Nxh8 Ng7 14. Bd3 Qd8 15. Nxg6+ hxg6 16. 0-0 Ke8 17. Ne5 a5 18. Qg4 Qf6 19. f5 exf5 20. exf5 gxf5 21. Bxf5 Nxf5 22. Rxf5 Qe6 23. d5 cxd5 24. cxd5 Qxd5 25. Qh5+ Kd8 26. Nf7+ Ke8 27. Rxd5 Ra6 28. Re1+ Kf8 29. Qh8+ Kxf7 30. Qg7# 1-0

[Event "IECG TE.2003.P.01313 email"]
[Site "IECG email"]
[Date "2003.11.11"]
[Round "1"]
[White "Zili, Yi"]
[Black "Bidgood, Lee"]
[Result "0-1"]
[WhiteElo "800"]
[BlackElo "1411"]
[PlyCount "48"]
[EventDate "2003.11.11"]
[EventType "tourn (corr)"]
[EventRounds "12"]
[SourceTitle "Corr 2024"]
[Source "ChessBase"]
[SourceDate "2023.10.19"]
[SourceVersion "1"]
[SourceVersionDate "2023.10.19"]
[SourceQuality "1"]

1. e4 c5 2. Nf3 Nc6 3. d4 cxd4 4. Nxd4 Nf6 5. Nc3 e6 6. a3 Be7 7. Be2 0-0 8. 0-0 d5 9. Nxc6 bxc6 10. e5 Nd7 11. f4 Qb6+ 12. Kh1 Ba6 13. Na4 Qb7 14. b4 Bxe2 15. Qxe2 a5 16. Bd2 axb4 17. axb4 Bxb4 18. Rfb1 c5 19. c3 Qc6 20. cxb4 Rxa4 21. Rxa4 Qxa4 22. bxc5 Nxc5 23. g3 Ne4 24. Be3 Nxg3+ 0-1

[Event "IECG TE.2003.P.01313 email"]
[Site "IECG email"]
[Date "2003.11.11"]
[Round "1"]
[White "Zili, Yi"]
[Black "Nenciulescu, Silviu"]
[Result "0-1"]
[WhiteElo "800"]
[BlackElo "2137"]
[PlyCount "36"]
[EventDate "2003.11.11"]
[EventType "tourn (corr)"]
[EventRounds "12"]
[SourceTitle "Corr 2024"]
[Source "ChessBase"]
[SourceDate "2023.10.19"]
[SourceVersion "1"]
[SourceVersionDate "2023.10.19"]
[SourceQuality "1"]

1. e4 c5 2. Nf3 Nc6 3. d4 cxd4 4. Nxd4 Nf6 5. Nc3 e6 6. Be3 Bb4 7. Bd3 d5 8. Nxc6 bxc6 9. exd5 exd5 10. 0-0 d4 11. Bg5 dxc3 12. Re1+ Be6 13. b3 h6 14. Bh4 0-0 15. Qf3 Qd5 16. Qg3 Bd6 17. Qe3 Bxh2+ 18. Kf1 Ng4 0-1

[Event "IECG QN.2003.0.00296 email "]
[Site "IECG email"]
[Date "2003.10.18"]
[Round "?"]
[White "Eubank, Donald"]
[Black "Zili, Yi"]
[Result "1-0"]
[WhiteElo "800"]
[BlackElo "800"]
[PlyCount "47"]
[EventDate "2003.10.18"]
[EventType "tourn (corr)"]
[EventRounds "6"]
[SourceTitle "Corr 2008"]
[Source "ChessBase"]
[SourceDate "2008.06.24"]
[SourceVersion "1"]
[SourceVersionDate "2008.06.24"]
[SourceQuality "1"]

1. e4 e5 2. Nf3 Nc6 3. Nc3 Nf6 4. h3 a6 5. Bc4 Be7 6. d3 d6 7. Ng5 0-0 8. Be3 b5 9. Bb3 Na5 10. Ne2 Nxb3 11. cxb3 d5 12. Ng3 dxe4 13. dxe4 Bb7 14. a3 h6 15. Nf3 Nxe4 16. 0-0 Nxg3 17. fxg3 e4 18. Nd4 Bc5 19. b4 Bb6 20. Qd2 Qd6 21. Qf2 Bd5 22. Nf5 Bxe3 23. Qxe3 Qe6 24. Qd4 1-0